Statistics for All of Nova Rockafeller

Click here to take the quiz!

General Stats

  • This quiz has been taken 14 times
    (11 since last reset)
  • The average score is 46 of 81

Answer Stats

HintAnswer% Correct
Scared of HeightsBike Racks
100%
Scared of HeightsBrave Ones
100%
Scared of HeightsDid Your Best
100%
Scared of HeightsFlames
100%
Scared of HeightsGang Gang (ft. Tom MacDonald)
100%
Scared of HeightsHey You
100%
PROBLEMCHILD EPProblem
100%
Scared of HeightsSometimes
100%
Other1990s
83%
AMPTBoy Killin
83%
As Far As the StarsChurch
83%
AMPTFall Back
83%
AMPTGraves
83%
The BraveIn God We Trust
83%
OtherJesus on My Neck
83%
AMPTJust Things
83%
N.O.V.AMi Yard
83%
Scared of HeightsThe Light
83%
As Far As the StarsAll For Nothing
67%
As Far As the StarsAs Far As the Stars
67%
OtherGenghis Khan
67%
As Far As the StarsHeart Emojis
67%
Insufficient FundsImme Piece of Shit
67%
Scared of HeightsIn Too Deep
67%
Insufficient FundsLonely Nights (ft. Nki Louise)
67%
OtherMade in Gold
67%
As Far As the StarsNo Good Bastards
67%
Scared of HeightsOutta My Mind
67%
Insufficient FundsProcrastinatin' (ft. Chad Hatcher)
67%
Insufficient FundsRunnin
67%
The BraveSmoke
67%
OtherSober
67%
As Far As the StarsSuperstars
67%
Insufficient FundsTres Pound
67%
AMPTWe Out Here
67%
N.O.V.AWho I Be (ft. Hot Karl)
67%
PROBLEMCHILD EPWhole Bag
67%
OtherWishing Well
67%
OtherBad News
50%
PROBLEMCHILD EPBatman (DJ Nobody Remix)
50%
As Far As the StarsBest Nights of Our Lives
50%
As Far As the StarsBlessings
50%
The BraveClout
50%
OtherDear Nova
50%
As Far As the StarsEgo Trip
50%
As Far As the StarsHometown Heroes
50%
Insufficient FundsI Don't Feel a Thing
50%
GFBF SongsI'm Not Well
50%
Insufficient FundsIn Between the Stars
50%
N.O.V.ALasers (ft. Nocando)
50%
As Far As the StarsLow Lives
50%
PROBLEMCHILD EPLunch Special
50%
As Far As the StarsMake It Worse
50%
GFBF SongsPhonecalls
50%
GFBF SongsRejects
50%
As Far As the StarsSmile
50%
Insufficient FundsThe Sun is Rising
50%
Insufficient FundsThe Town
50%
Insufficient FundsWhat's Going On?
50%
AMPTAlexander McQueen
33%
N.O.V.AAll Bad Blood (ft. Brian Logan Dales)
33%
PROBLEMCHILD EPBatman
33%
As Far As the StarsBraindead
33%
GFBF SongsFoul Mouth Wasted
33%
The BraveLet Me Go
33%
Insufficient FundsLiar
33%
AMPTMorphine
33%
GFBF SongsOtherside
33%
GFBF SongsPillz
33%
Insufficient FundsThe Way We Were
33%
AMPTTragic
33%
PROBLEMCHILD EPYoung & Defiant
33%
OtherCome Talk to Me
17%
OtherGoing To Hell
17%
OtherHoliday
17%
N.O.V.AM.O.B. (ft. Chuck Inglish)
17%
N.O.V.AMoney + Mistakes (ft. MOD SUN)
17%
OtherParking Lot Heroes
17%
OtherWeirdos (Tom ft. Nova)
17%
OtherYou Want Her
17%
OtherThis Time (Brandon ft. Tom & Nova)
0%

Score Distribution

Percentile by Number Answered

Percent of People with Each Score

Your Score History

You have not taken this quiz since the last reset